000 00916nam a2200253Ia 4500
003 OSt
005 20221005111101.0
006 a|||||r|||| 00| 0
007 ta
008 221004b |||||||| |||| 00| 0 hin d
024 _a32160
037 _cTextual
040 _aCRL
_cCRL
_bhin
041 _2hin
_ahin
082 _aP152, 152N5
100 _aश्रीवास्तव, रवीन्द्रनाथ
245 0 _aहिन्दी भाषा
_b संरचना के विविध आयाम
246 _aHindī bhāṣhā: sanrachanā ke vividh āyāma
260 _aनई दिल्ली
_bराधाकृष्ण भारत
_c2010
300 _a255पृ.
_ccm.
650 _aहिन्दी भाषा
942 _hP152, 152N5
_cTEXL
_2cc
999 _c1020764
_d1020764